What it costs (Record no. 81922)
[ view plain ]
| 000 -LEADER | |
|---|---|
| fixed length control field | 00690cab a22001815a 4500 |
| 001 - CONTROL NUMBER | |
| control field | L148659 |
| 008 - FIXED-LENGTH DATA ELEMENTS--GENERAL INFORMATION | |
| fixed length control field | 091015s20090307xxk f 000 0 eng d |
| 035 ## - SYSTEM CONTROL NUMBER | |
| System control number | (Sirsi) u148659 |
| 041 0# - LANGUAGE CODE | |
| Language code of text/sound track or separate title | eng |
| 100 1# - MAIN ENTRY--PERSONAL NAME | |
| Personal name | Mayer, Peter |
| 245 00 - TITLE STATEMENT | |
| Title | What it costs |
| Remainder of title | curtain wall glazing |
| 260 ## - PUBLICATION, DISTRIBUTION, ETC. | |
| Date of publication, distribution, etc. | 2009 |
| 490 ## - SERIES STATEMENT | |
| Series statement | Building |
| Volume/sequential designation | 274(8586) 3 July 2009, 65(1) |
| 520 ## - SUMMARY, ETC. | |
| Summary, etc. | Curtain wall glazing specifications and costs. Considers the features of an effective system including solar control, thermal insulation and self-cleaning. The specification options mention capital cost, life-cycle cost and expected service life. |
| 590 ## - LOCAL NOTE (RLIN) | |
| Local note | KA |
| 690 ## - LOCAL SUBJECT ADDED ENTRY--TOPICAL TERM (OCLC, RLIN) | |
| Topical term or geographic name as entry element | BUILT ENVIRONMENT-BUILDING ELEMENTS |
| 942 ## - ADDED ENTRY ELEMENTS (KOHA) | |
| Suppress in OPAC | 0 |
| Withdrawn status | Lost status | Source of classification or shelving scheme | Damaged status | Not for loan | Home library | Current library | Shelving location | Date acquired | Total Checkouts | Full call number | Barcode | Date last seen | Copy number | Price effective from | Koha item type |
|---|---|---|---|---|---|---|---|---|---|---|---|---|---|---|---|
| Dewey Decimal Classification | London | London | Journal article | 05/04/2011 | L148659 | L148659 | 06/08/2019 | 1 | 06/08/2019 | Journal article |